000 00396nam a2200157Ia 4500
008 210210b2006 xxu||||| |||| 00| 0 eng d
020 _a81 8376 023 6
082 _a581.0724 MISP
100 _aMISHRA (R C).
245 _aPlant biotechnology.
260 _aJaipur
_bABD Publishers
_c2006
300 _a339
650 _aPlant Biotechnology
690 _aPlant Biotechnology
906 _a061531
999 _c108509
_d108509